000 01048cad a2200205 4500
001 ##l135135
008 060926n2003 000 0 eng u
035 _a(Sirsi) u135135
041 0 _aeng
050 0 4 _a690.073 $2 18
110 2 _aCITB-ConstructionSkills
_94992
245 0 0 _aConstruction skills foresight report 2003
_h[electronic resource]
260 _aKing's Lynn
_bCITB
_c2003
300 _a132p.
_c30cm.
520 _aExamines the state of the construction industry and suggests that the current levels of growth mean that the industry will find problems in meeting its requirements for skilled employees. Suggests that there are three main priority areas which require attention: improving the industry's image and recruitment levels, qualifying the workforce and improving business performance. Tables.
651 4 _aUnited Kingdom
_y
690 _aCAREERS, EDUCATION AND TRAINING
856 4 8 _uhttps://www.cskills.org/uploads/Skills_foresight_2003_tcm17-6868.pdf
_z View this item free of charge at www.cskills.org
942 _n0
999 _c105924
_d105924